| 000 | 00000nam##2200000za#4500 |
| 001 | 9.681623 |
| 003 | CaOODSP |
| 005 | 20200330071439 |
| 007 | ta |
| 008 | 150407|2000||||xxc||||| f|0| 0 fre|d |
| 020 | |a0-662-86235-X |
| 040 | |aCaOODSP|bfre |
| 043 | |an-cn--- |
| 086 | 1 |aE2-245/2000F |
| 110 | 1 |aCanada.|bAffaires étrangères et Commerce international. |bCentre canadien pour le développement de la politique étrangère. |
| 245 | 10|aRapport de la Table ronde des experts étrangers en missiles balistiques / |cpar Ernie Regehr et Peter Moore. |
| 260 | |aOttawa - Ontario : |bAffaires étrangères et Commerce international. |c2000. |
| 300 | |a14p. en pagination multiple : |bréférences ; |c28 cm. |
| 563 | |aCouverture souple |
| 590 | |a02-33|b2002-08-16 |
| 691 | 07|aArme offensive|2gcpds |
| 691 | 07|aLimitation des armements|2gcpds |
| 691 | 07|aPolitique étrangère|2gcpds |
| 691 | 07|aRéunion|2gcpds |
| 720 | 1 |aRegehr, Ernie |
| 720 | 1 |aMoore, Peter |
| 775 | 08|tBallistic Missiles Foreign Experts Roundtable report / |w(CaOODSP)9.648104 |
| 776 | 0#|tRapport de la Table ronde des experts étrangers en missiles balistiques, 30-31 mars 2000 (Ottawa, Ontario) / |w(CaOODSP)9.630732 |